00616nam a2200157 i 450000100060000000300090000600500170001500700030003200800410003510000380007624502130011426000570032730000200038470000310040485200230043538632ES-MaACL20250820063027.0t|030226m18601869po ||||1| por d1 aCamões, Luís de, d1524?-158010aObras / cde Luis de Camoes ; precedidas de um ensaio biographico no qual se relatam algums factos nao conhecidos da sua vida augmentadas com algumas composiçoos meditas do poeta pelo Vizconde de Juromenha. aLisboa : b[s.n., c1860-1869] (fImprensa Nacional) a6 v. ; c23 cm.1 aJuromenha c, Vizconde de. aES-MaACLjG-8683-8